000
00250nam a22001097a 4500
082
_a
080/ABR
100
_a
Abrol Hitesh
_9
83149
245
_a
Life Planned Or Unplanned
260
_a
Meerut
_b
Literary Lounge
_c
2024
650
_a
Motivation
942
_c
BK
999
_c
67934
_d
67934